مكتبة جامعة عجلون الوطنية

فهرس بحث المكتبة

Normal view MARC view
  • التحكيم -- قوانين وتشريعات -- التحكيم التجاري

Entry Topical Term

Number of records used in: 1

001 - CONTROL NUMBER

  • control field: 42710

003 - CONTROL NUMBER IDENTIFIER

  • control field: JO-AjAnu

005 - DATE AND TIME OF LATEST TRANSACTION

  • control field: 20230606081102.0

008 - FIXED-LENGTH DATA ELEMENTS

  • fixed length control field: 230606|| aca||aabn | a|a d

040 ## - CATALOGING SOURCE

  • Original cataloging agency: JO-AjAnu
  • Transcribing agency: JO-AjAnu

150 ## - HEADING--TOPICAL TERM

  • Topical term or geographic name entry element: التحكيم -- قوانين وتشريعات -- التحكيم التجاري

670 ## - SOURCE DATA FOUND

  • Source citation: Work cat.: (JO-AjAnu)21876: بني مقداد ، محمد علي , author 42709, الطريق القويم للاتفاق على التحكيم : دراسة نظرية تطبيقية مقارنة